000 00545nam a22002177a 4500
003 OSt
005 20140310183124.0
008 130517t xxu||||| |||| 00| 0 eng d
020 _a9789712354922
050 _aQA 303
_b.T221 2010
082 _aFIL 515.35
_bT221 2010
245 _aDifferential equation
_cTattao, Luis
260 _aManila
_bREX Book Store
_c2010
300 _a185 p.
_c25 cm
521 _acollege students
526 _c1210L-1700L
541 _j1
541 _j2
562 _e2
942 _2lcc
_cBK
_kFIL
999 _c18983
_d18983